Yo-Kai Watch 2 All Brave Tribe Yo-Kai - Statistics

General Stats
  • This quiz has been taken 5 times
  • The average score is 28 of 49
Answer Stats
Picture Answer % Correct
Blazion
100%
Cutta-nah
100%
Hovernyan
100%
Mochismo
100%
Moximous K
100%
Moximous N
100%
Pandle
100%
Sgt. Burly
100%
Slacka-slash
100%
Snartle
100%
Beetler
75%
Benkei
75%
Brushido
75%
Cutta-nah-nah
75%
Demuncher
75%
Devourer
75%
Helmsman
75%
Illuminoct
75%
Lie-in
75%
Lie-in Heart
75%
Machonyan
75%
Shogunyan
75%
Siro
75%
Undy
75%
Corptain
50%
Cruncha
50%
Flamurice
50%
Minochi
50%
Mudmunch
50%
Quaken
50%
Reuknight
50%
Tanbo
50%
Tublappa
50%
Washogun
50%
Zerberker
50%
B3-NK1
25%
Chansin
25%
Gleam
25%
Hissfit
25%
Sheen
25%
Slicenrice
25%
Snee
25%
Sushiyama
25%
Beetall
0%
Kapunki
0%
Samureel
0%
Slumberhog
0%
Snortlehog
0%
Time Keeler
0%
No matching quizzes found
Score Distribution
Percent of People with Each Score
Percentile by Number Answered
Your Score History
You have not taken this quiz